| 000 | 00880nam a2200241 a 4500 | ||
|---|---|---|---|
| 001 | 000034797 | ||
| 005 | 20260218080534.0 | ||
| 008 | 111020s1960 fr 000 0 spa d | ||
| 040 |
_aDO-SdBNP _bspa _cBNPHU |
||
| 041 | 1 | 7 |
_afre _hger |
| 100 | 1 |
_aMarx, Karl, _d1818-1883 _930439 |
|
| 245 | 1 | 0 |
_aSur la religión / _cKarl Marx, Friedrich Engels ; textes choisis traduits et annotés par G. Badia, P. Bange et E. Bottigelli. |
| 260 |
_aParis : _bÉditions Sociales, _c1960. |
||
| 300 |
_a358 p. ; _c23 cm. |
||
| 590 | _aPerteneció a la biblioteca personal de Juan Isidro Jimenes Grullón | ||
| 650 | 2 | 4 |
_aFilosofía alemana _960305 |
| 650 | 2 | 0 |
_aReligión _91906 |
| 650 | 2 | 0 |
_aMarxismo _95234 |
| 700 | 1 |
_aEngels, Friedrich, _d1820-1895 _960306 |
|
| 700 | 1 |
_aBadía, Gilbert, _etrad. _960307 |
|
| 700 | 1 |
_aBange, Pierre, _etrad. _960308 |
|
| 700 | 1 |
_aBottigelli, Émile, _etrad. _960309 |
|
| 999 |
_c34288 _d34288 |
||